[Event "Hastings Centenary Masters"]
[Site "Hastings"]
[Date "1995.08.24"]
[Round "6"]
[White "Emms, John M"]
[Black "Rashkovsky, Nukhim N"]
[Result "1/2-1/2"]
[WhiteElo "2485"]
[BlackElo "2560"]
[PlyCount "86"]
[EventDate "1995.08.20"]
[EventType "swiss"]
[EventRounds "9"]
[EventCountry "ENG"]
[SourceTitle "BritBase"]
[Source "John Saunders"]
[SourceDate "2023.06.01"]
[SourceVersion "1"]
[SourceVersionDate "2023.06.01"]
[SourceQuality "1"]

1. e4 c5 2. Nf3 d6 3. d4 cxd4 4. Nxd4 Nf6 5. Nc3 a6 6. Bc4 e6 7. O-O Be7 8. Bb3
b5 9. Qf3 Qc7 10. Re1 Nbd7 11. Qg3 Nc5 12. Nf5 Bb7 13. Nxg7+ Kd7 14. Qf3 Rag8
15. Bh6 Kc8 16. a3 Ncd7 17. Nxe6 fxe6 18. Bxe6 Rg6 19. Bf4 Kb8 20. Rad1 Ne5 21.
Qe2 h5 22. h3 Rf8 23. Bf5 Rgg8 24. Kh1 h4 25. Be6 Rg6 26. Bf5 Rgg8 27. Be6 Rh8
28. Bh2 Nh5 29. Nd5 Bxd5 30. Rxd5 Nf4 31. Bxf4 Rxf4 32. a4 Rhf8 33. f3 R8f6 34.
Bf5 R6xf5 35. exf5 Qc6 36. Red1 Rxf5 37. axb5 axb5 38. g4 Rf4 39. Rxb5+ Kc8 40.
Rbd5 Qc4 41. Qxc4+ Rxc4 42. c3 Re4 43. Kg1 Kc7 1/2-1/2

[Event "Hastings Centenary Masters"]
[Site "Hastings"]
[Date "1995.08.24"]
[Round "6"]
[White "Hebden, Mark L"]
[Black "Bates, Richard A"]
[Result "1-0"]
[WhiteElo "2570"]
[BlackElo "2345"]
[PlyCount "99"]
[EventDate "1995.08.20"]
[EventType "swiss"]
[EventRounds "9"]
[EventCountry "ENG"]
[SourceTitle "BritBase"]
[Source "John Saunders"]
[SourceDate "2023.06.01"]
[SourceVersion "1"]
[SourceVersionDate "2023.06.01"]
[SourceQuality "1"]

1. e4 c5 2. Nf3 d6 3. c3 Nf6 4. Be2 g6 5. O-O Bg7 6. Bb5+ Nbd7 7. Re1 a6 8. Bf1
O-O 9. d4 cxd4 10. cxd4 e5 11. Nc3 b5 12. dxe5 Nxe5 13. Nd4 Bb7 14. Bg5 Qb6 15.
a4 b4 16. a5 Qa7 17. Na4 Nxe4 18. Be3 Ng4 19. Qxg4 Bxd4 20. Nb6 Bxe3 21. Rxe3
Rae8 22. Rae1 d5 23. f3 Nf6 24. Qxb4 Qb8 25. Qd4 Rxe3 26. Rxe3 Qd8 27. b4 Re8
28. Rxe8+ Nxe8 29. Na4 Nc7 30. Qb6 Bc8 31. Qb8 Kg7 32. Qb6 d4 33. Nc5 Qe7 34.
Ne4 Qe5 35. Qc5 f6 36. Kf2 Bb7 37. Qxe5 fxe5 38. Nc5 Bc8 39. h4 Kf6 40. g4 h6
41. Bc4 Ke7 42. Ke2 h5 43. g5 Kd6 44. Bd3 Nd5 45. Bxa6 Bxa6+ 46. Nxa6 Kc6 47.
Nc5 Nxb4 48. Nd3 Nd5 49. Nxe5+ Kb5 50. Nxg6 1-0

[Event "Hastings Centenary Masters"]
[Site "Hastings"]
[Date "1995.08.24"]
[Round "6"]
[White "Hunt, Harriet"]
[Black "Ferguson, Mark"]
[Result "0-1"]
[WhiteElo "2385"]
[BlackElo "2360"]
[PlyCount "74"]
[EventDate "1995.08.20"]
[EventType "swiss"]
[EventRounds "9"]
[EventCountry "ENG"]
[SourceTitle "BritBase"]
[Source "John Saunders"]
[SourceDate "2023.06.01"]
[SourceVersion "1"]
[SourceVersionDate "2023.06.01"]
[SourceQuality "1"]

1. e4 c5 2. Nf3 d6 3. d4 cxd4 4. Nxd4 Nf6 5. Nc3 g6 6. Be3 Bg7 7. f3 O-O 8. Qd2
Nc6 9. O-O-O d5 10. Qe1 e6 11. Kb1 Re8 12. Nb3 b6 13. g4 Qc7 14. g5 Nh5 15. Bb5
a6 16. Bxc6 Qxc6 17. Bd4 dxe4 18. Bxg7 Kxg7 19. Nxe4 e5 20. Rd6 Qc7 21. Nf6
Nxf6 22. gxf6+ Kh8 23. Qd2 Bf5 24. Rd1 Rac8 25. Ka1 a5 26. c3 a4 27. Nc1 a3 28.
bxa3 Qxc3+ 29. Qxc3 Rxc3 30. Nd3 h5 31. Ne1 Rxa3 32. Rxb6 Rea8 33. Rb2 R8a6 34.
Re2 Be6 35. Rdd2 Bc4 36. Rxe5 Rxa2+ 37. Rxa2 Rxa2+ 0-1

[Event "Hastings Centenary Masters"]
[Site "Hastings"]
[Date "1995.08.24"]
[Round "6"]
[White "James, David J"]
[Black "Bisby, Daniel L"]
[Result "0-1"]
[WhiteElo "2270"]
[BlackElo "2120"]
[PlyCount "28"]
[EventDate "1995.08.20"]
[EventType "swiss"]
[EventRounds "9"]
[EventCountry "ENG"]
[SourceTitle "BritBase"]
[Source "John Saunders"]
[SourceDate "2023.06.01"]
[SourceVersion "1"]
[SourceVersionDate "2023.06.01"]
[SourceQuality "1"]

1. d4 d5 2. c4 c6 3. Nf3 Nf6 4. Nc3 e6 5. Bg5 dxc4 6. a4 Bb4 7. e4 b5 8. e5 h6
9. Bh4 g5 10. Nxg5 hxg5 11. Bxg5 Nbd7 12. exf6 Bb7 13. Be2 Qc7 14. O-O Qxh2#
0-1

[Event "Hastings Centenary Masters"]
[Site "Hastings"]
[Date "1995.08.24"]
[Round "6"]
[White "Lewis, Andrew P"]
[Black "O'Brien, Richard W"]
[Result "1-0"]
[WhiteElo "2335"]
[BlackElo "2100"]
[PlyCount "129"]
[EventDate "1995.08.20"]
[EventType "swiss"]
[EventRounds "9"]
[EventCountry "ENG"]
[SourceTitle "BritBase"]
[Source "John Saunders"]
[SourceDate "2023.06.01"]
[SourceVersion "1"]
[SourceVersionDate "2023.06.01"]
[SourceQuality "1"]

1. d4 c5 2. d5 d6 3. c4 e5 4. e4 f5 5. exf5 Bxf5 6. Ne2 Be7 7. Ng3 Bg6 8. Bd3
Bxd3 9. Qxd3 Nf6 10. Nc3 O-O 11. O-O Na6 12. Bd2 Nc7 13. a4 Qd7 14. Nce4 Nxe4
15. Qxe4 Rf7 16. b3 Raf8 17. f3 b6 18. a5 b5 19. a6 b4 20. Ra2 Ne8 21. Be3 Qd8
22. Qg4 Nc7 23. Ne4 Qc8 24. h3 Qxg4 25. hxg4 Rb8 26. Rd1 Bf8 27. Kf2 Rb6 28.
Rda1 Rb8 29. Ke2 Re8 30. Ra5 Rd7 31. Kd3 Rb8 32. Nf2 Be7 33. Ke4 Rf8 34. g5 Bd8
35. R5a2 Ne8 36. Kd3 g6 37. Ne4 Ng7 38. Nxd6 Rxd6 39. Bxc5 Rd7 40. Bxf8 Kxf8
41. Rh1 Ne6 42. Kc2 Nd4+ 43. Kb2 Bxg5 44. Ra5 h5 45. Rd1 Ke7 46. Rc5 Kd8 47.
Re1 Be7 48. Ra5 h4 49. Ka2 Bf6 50. Re4 Rh7 51. Ra4 h3 52. gxh3 Rxh3 53. Rxb4
Rh2+ 54. Kb1 Nxf3 55. Rg4 Nd2+ 56. Kc1 g5 57. c5 e4 58. Rb8+ Kc7 59. Rb7+ Kc8
60. d6 Be5 61. d7+ Kd8 62. c6 e3 63. Rxg5 Bc7 64. Rg8+ Ke7 65. d8=Q+ 1-0

[Event "Hastings Centenary Masters"]
[Site "Hastings"]
[Date "1995.08.24"]
[Round "6"]
[White "Mayers, Dan E"]
[Black "Vianin, Pascal"]
[Result "0-1"]
[WhiteElo "2100"]
[BlackElo "2185"]
[PlyCount "118"]
[EventDate "1995.08.20"]
[EventType "swiss"]
[EventRounds "9"]
[EventCountry "ENG"]
[SourceTitle "BritBase"]
[Source "John Saunders"]
[SourceDate "2023.06.01"]
[SourceVersion "1"]
[SourceVersionDate "2023.06.01"]
[SourceQuality "1"]

1. e4 e5 2. f4 d5 3. exd5 c6 4. d4 exf4 5. Bxf4 cxd5 6. c3 Nf6 7. Bd3 Bd6 8.
Ne2 O-O 9. O-O Bg4 10. Nd2 Nc6 11. h3 Bh5 12. Bg5 Be7 13. Qc2 Bg6 14. Nf4 Rc8
15. Bxg6 hxg6 16. Bxf6 Bxf6 17. Qb3 Bg5 18. Rad1 Na5 19. Qb5 a6 20. Qe2 Qd6 21.
Qg4 Bh6 22. h4 b5 23. Qf3 Bxf4 24. Qxf4 Qxf4 25. Rxf4 Rfe8 26. Rdf1 Re7 27. Nf3
Nc4 28. Rf2 Rce8 29. Ng5 f6 30. Nh3 Re2 31. b3 Rxf2 32. Rxf2 Re1+ 33. Kh2 Ne3
34. Kg3 Rc1 35. Rf3 Rxc3 36. Nf4 Kf7 37. Kf2 Nd1+ 38. Ke2 Rxf3 39. gxf3 Nc3+
40. Kd3 b4 41. a3 a5 42. axb4 axb4 43. Ng2 Nb5 44. Nf4 Nc7 45. Ke3 f5 46. Nd3
Na6 47. Ne5+ Kf6 48. Nd7+ Ke7 49. Ne5 Kf6 50. Nd7+ Kf7 51. Nc5 Nb8 52. Nd3 Nc6
53. Ne5+ Nxe5 54. dxe5 f4+ 55. Kd3 Ke7 56. Kd4 Ke6 57. Kc5 Kxe5 58. Kxb4 Kd4
59. Ka5 Ke3 0-1

[Event "Hastings Centenary Masters"]
[Site "Hastings"]
[Date "1995.08.24"]
[Round "6"]
[White "McEwan, Ken B"]
[Black "Turner, Matthew"]
[Result "0-1"]
[WhiteElo "2160"]
[BlackElo "2400"]
[PlyCount "50"]
[EventDate "1995.08.20"]
[EventType "swiss"]
[EventRounds "9"]
[EventCountry "ENG"]
[SourceTitle "BritBase"]
[Source "John Saunders"]
[SourceDate "2023.06.01"]
[SourceVersion "1"]
[SourceVersionDate "2023.06.01"]
[SourceQuality "1"]

1. e4 c5 2. Nf3 Nc6 3. c3 d5 4. exd5 Qxd5 5. d4 Nf6 6. Be2 cxd4 7. cxd4 e6 8.
O-O Be7 9. Nc3 Qd6 10. a3 O-O 11. Be3 b6 12. Qc2 Bb7 13. Rad1 Rac8 14. Qb1 Rfd8
15. Bd3 g6 16. Ne2 Nd5 17. h4 e5 18. h5 exd4 19. Bxd4 Nf4 20. hxg6 hxg6 21.
Nxf4 Nxd4 22. Nxg6 Bxf3 23. Nxe7+ Qxe7 24. gxf3 Qg5+ 25. Kh1 Rd6 0-1

[Event "Hastings Centenary Masters"]
[Site "Hastings"]
[Date "1995.08.24"]
[Round "6"]
[White "Menadue, Jeremy FS"]
[Black "Dunnington, Angus J"]
[Result "0-1"]
[WhiteElo "2255"]
[BlackElo "2385"]
[PlyCount "80"]
[EventDate "1995.08.20"]
[EventType "swiss"]
[EventRounds "9"]
[EventCountry "ENG"]
[SourceTitle "BritBase"]
[Source "John Saunders"]
[SourceDate "2023.06.01"]
[SourceVersion "1"]
[SourceVersionDate "2023.06.01"]
[SourceQuality "1"]

1. d4 d6 2. c4 e5 3. Nf3 e4 4. Nfd2 f5 5. Nc3 Nf6 6. e3 g6 7. f3 exf3 8. Nxf3
Bg7 9. Bd3 O-O 10. O-O Nc6 11. a3 Kh8 12. Bd2 Bd7 13. b4 Qe7 14. Qc2 Rae8 15.
b5 Nb8 16. Rae1 Ne4 17. Nd5 Qd8 18. Ba5 b6 19. Bb4 c6 20. bxc6 Bxc6 21. Nf4 a5
22. Bc3 Nxc3 23. Qxc3 Nd7 24. Qc2 Bxf3 25. Rxf3 Bxd4 26. Rh3 Qg5 27. Qf2 Bc5
28. Rg3 Qf6 29. Nd5 Qe5 30. Nf4 Qf6 31. Nd5 Qf7 32. h4 Nf6 33. Qb2 Qg7 34. Nf4
Ng4 35. Qxg7+ Kxg7 36. Nd5 Nxe3 37. Kh1 Nxd5 38. Rxe8 Rxe8 39. cxd5 Re5 40. Bc4
Re4 0-1

[Event "Hastings Centenary Masters"]
[Site "Hastings"]
[Date "1995.08.24"]
[Round "6"]
[White "Poldauf, Dirk"]
[Black "Radovanovic, Jovica"]
[Result "1-0"]
[WhiteElo "2415"]
[BlackElo "2280"]
[PlyCount "74"]
[EventDate "1995.08.20"]
[EventType "swiss"]
[EventRounds "9"]
[EventCountry "ENG"]
[SourceTitle "BritBase"]
[Source "John Saunders"]
[SourceDate "2023.06.01"]
[SourceVersion "1"]
[SourceVersionDate "2023.06.01"]
[SourceQuality "1"]

1. c4 Nf6 2. Nc3 g6 3. g3 Bg7 4. Bg2 O-O 5. d4 d6 6. Nf3 c6 7. O-O Qa5 8. h3
Qa6 9. b3 b5 10. cxb5 cxb5 11. Qd3 b4 12. Ne1 Bxh3 13. Bxa8 Bxf1 14. Kxf1 bxc3
15. Qxc3 d5 16. Bb2 Qe6 17. Rc1 Bh6 18. Rc2 Nbd7 19. Bb7 Ne4 20. Qd3 Qf5 21.
Nf3 Qh3+ 22. Kg1 Ndf6 23. Ne5 Nxf2 24. Qf3 Be3 25. Qxe3 Qh1+ 26. Kxf2 Ne4+ 27.
Qxe4 dxe4 28. Rc7 Qh2+ 29. Ke3 Qxg3+ 30. Kd2 f6 31. Bd5+ Kh8 32. Rxe7 fxe5 33.
Rxe5 Qf4+ 34. Kc2 Rc8+ 35. Bc4 Qe3 36. Rc5 Rd8 37. d5+ Kg8 1-0

[Event "Hastings Centenary Masters"]
[Site "Hastings"]
[Date "1995.08.24"]
[Round "6"]
[White "Roberts, Paul E"]
[Black "Taylor, Peter P"]
[Result "0-1"]
[WhiteElo "2215"]
[BlackElo "2205"]
[PlyCount "108"]
[EventDate "1995.08.20"]
[EventType "swiss"]
[EventRounds "9"]
[EventCountry "ENG"]
[SourceTitle "BritBase"]
[Source "John Saunders"]
[SourceDate "2023.06.01"]
[SourceVersion "1"]
[SourceVersionDate "2023.06.01"]
[SourceQuality "1"]

1. e4 c5 2. c3 d5 3. exd5 Qxd5 4. d4 Nc6 5. Nf3 cxd4 6. cxd4 e5 7. Nc3 Bb4 8.
Bd2 Bxc3 9. Bxc3 e4 10. Ne5 Nxe5 11. dxe5 Ne7 12. Qxd5 Nxd5 13. O-O-O Nxc3 14.
bxc3 Be6 15. Rd4 O-O 16. Kb2 Rad8 17. Be2 Rd5 18. Rxd5 Bxd5 19. c4 Bc6 20. Kc3
Re8 21. Kd4 g5 22. h4 Rd8+ 23. Ke3 Re8 24. hxg5 Rxe5 25. Rh5 Ra5 26. f3 Ra3+
27. Kf4 Rxa2 28. Ke3 Ra3+ 29. Kf4 exf3 30. gxf3 Kg7 31. Rh6 a5 32. Rd6 Rc3 33.
Rd8 a4 34. Ra8 a3 35. Ra5 f6 36. Kg4 fxg5 37. Kxg5 Bxf3 38. Bxf3 Rxf3 39. Ra7
Rb3 40. Kf5 Rb4 41. Ke6 Rxc4 42. Rxb7+ Kg6 43. Ra7 Rc3 44. Ra8 Re3+ 45. Kd5 h5
46. Kd4 Rb3 47. Ke4 Kg5 48. Rg8+ Kh4 49. Ra8 Kg3 50. Kf5 h4 51. Rg8+ Kf2 52.
Ra8 h3 53. Kf4 h2 54. Rh8 Rf3+ 0-1

[Event "Hastings Centenary Masters"]
[Site "Hastings"]
[Date "1995.08.24"]
[Round "6"]
[White "Saunders, John C"]
[Black "Steffens, Olaf"]
[Result "1-0"]
[WhiteElo "2240"]
[BlackElo "2330"]
[PlyCount "155"]
[EventDate "1995.08.20"]
[EventType "swiss"]
[EventRounds "9"]
[EventCountry "ENG"]
[SourceTitle "BritBase"]
[Source "John Saunders"]
[SourceDate "2023.06.01"]
[SourceVersion "1"]
[SourceVersionDate "2023.06.01"]
[SourceQuality "1"]

1. c4 g5 2. Nc3 Bg7 3. d4 h6 4. e3 d6 5. Bd3 Nf6 6. Nge2 c6 7. Ng3 Na6 8. a3 h5
9. Nge4 Bg4 10. Nxf6+ Bxf6 11. Qc2 h4 12. h3 Bd7 13. Bd2 Bg7 14. O-O-O c5 15.
d5 Nc7 16. Ne4 f6 17. Bc3 Kf8 18. f4 gxf4 19. exf4 b5 20. b3 a5 21. g3 a4 22.
b4 bxc4 23. Bxc4 cxb4 24. Bxb4 Nb5 25. Qd3 Rc8 26. Kb1 Qb6 27. Ka2 f5 28. Ng5
Qf2+ 29. Rd2 Qb6 30. Bxb5 Qxb5 31. Ne6+ {(=)} Kg8 32. Nxg7 Kxg7 33. Bc3+ Kf7
34. Bxh8 Rxh8 35. Rb1 Qa5 36. Rb7 Bc8 37. Rb4 hxg3 38. Qxg3 Rg8 39. Qe3 e6 40.
dxe6+ Bxe6+ 41. Kb2 Qa8 42. Qb6 Rg3 43. Qb7+ Qxb7 44. Rxb7+ Kf6 45. Rxd6 Rxh3
46. Rbb6 Re3 47. Kc2 Ke7 48. Rd3 Re4 49. Rh3 Kf7 50. Rb4 Bb3+ 51. Kd2 Re6 52.
Rd4 Rg6 53. Rh7+ Kf6 54. Rd6+ Be6 55. Ra7 Rg2+ 56. Kd3 Rg3+ 57. Kd4 Rf3 58.
Rda6 Rxf4+ 59. Ke3 Re4+ 60. Kf3 Rc4 61. Rxa4 Bd5+ 62. Ke3 f4+ 63. Kd3 Rxa4 64.
Rxa4 f3 65. Ke3 Ke6 66. Rb4 Kd6 67. a4 Kc7 68. a5 Bb7 69. Rb6 Bc6 70. Kf2 Ba8
71. Rf6 Bd5 72. Ke3 Kb8 73. Kd4 Bb7 74. Kc5 Ka7 75. Kb5 Kb8 76. Kb6 Bc8 77. Rf8
f2 78. a6 1-0

[Event "Hastings Centenary Masters"]
[Site "Hastings"]
[Date "1995.08.24"]
[Round "6"]
[White "Van Zyil Smit, Konrad"]
[Black "Gunter, David WW"]
[Result "0-1"]
[WhiteElo "2100"]
[BlackElo "2130"]
[PlyCount "131"]
[EventDate "1995.08.20"]
[EventType "swiss"]
[EventRounds "9"]
[EventCountry "ENG"]
[SourceTitle "BritBase"]
[Source "John Saunders"]
[SourceDate "2023.06.01"]
[SourceVersion "1"]
[SourceVersionDate "2023.06.01"]
[SourceQuality "1"]

1. e4 e6 2. d3 d5 3. Nd2 Nf6 4. Ngf3 Bc5 5. g3 dxe4 6. dxe4 Ng4 7. c3 Nxf2 8.
Qa4+ Bd7 9. Qc4 Bb6 10. Rg1 Ng4 11. Rh1 Nc6 12. Nb3 Qf6 13. Bg2 Nce5 14. Qe2
O-O-O 15. Rf1 Qe7 16. Bf4 Nxf3+ 17. Bxf3 Nf6 18. O-O-O e5 19. Bg5 Bc6 20. Bxf6
gxf6 21. Bg4+ Kb8 22. Bf5 h5 23. Rxd8+ Qxd8 24. Kc2 Qe7 25. Nd2 a6 26. Nf3 Bb5
27. c4 Qc5 28. b3 Bc6 29. Rd1 a5 30. Bd7 a4 31. Bxc6 bxc6 32. Kb2 Kb7 33. Rc1
Ra8 34. Qd3 Qe7 35. Qc3 Ba5 36. Qe3 Bb4 37. Rc2 Rd8 38. c5 a3+ 39. Kc1 Qd7 40.
Qe2 f5 41. Rc4 Ba5 42. b4 fxe4 43. Rxe4 f5 44. Rc4 e4 45. Nd4 Qg7 46. Nb3 Bb6
47. cxb6 cxb6 48. Kb1 Qe5 49. Rc2 h4 50. Qc4 Qf6 51. gxh4 e3 52. Qe2 f4 53. Nc1
Rd4 54. Nd3 Qf5 55. Qg2 f3 56. Qg7+ Qd7 57. Qxd7+ Rxd7 58. Nf2 Rd1+ 59. Nxd1 e2
60. Rc1 e1=Q 61. b5 c5 62. h5 f2 63. Nxf2 Qxf2 64. Rc2 Qf1+ 65. Rc1 Qxb5+ 66.
Ka1 0-1

[Event "Hastings Centenary Masters"]
[Site "Hastings"]
[Date "1995.08.24"]
[Round "6"]
[White "Williams, Simon Kim"]
[Black "Stuart, E Leslie"]
[Result "1-0"]
[WhiteElo "2250"]
[BlackElo "2080"]
[PlyCount "49"]
[EventDate "1995.08.20"]
[EventType "swiss"]
[EventRounds "9"]
[EventCountry "ENG"]
[SourceTitle "BritBase"]
[Source "John Saunders"]
[SourceDate "2023.06.01"]
[SourceVersion "1"]
[SourceVersionDate "2023.06.01"]
[SourceQuality "1"]

1. c4 c5 2. Nc3 e6 3. e4 d6 4. g3 b6 5. Bg2 Bb7 6. Nge2 a6 7. O-O Nf6 8. b3 Qc7
9. Bb2 Be7 10. d4 cxd4 11. Nxd4 O-O 12. Kh1 Nbd7 13. f4 Rad8 14. Qe2 Rfe8 15.
Rae1 Kh8 16. g4 Qb8 17. g5 Ng8 18. Rf3 Nf8 19. Rh3 d5 20. cxd5 Qxf4 21. Rf1
Qxg5 22. Rg3 Qe5 23. Nd1 Ba3 24. Bxa3 Rxd5 25. exd5 1-0

[Event "Hastings Centenary Masters"]
[Site "Hastings"]
[Date "1995.08.24"]
[Round "6"]
[White "Chakraborty, Kumardip"]
[Black "Cafferty, Bernard"]
[Result "0-1"]
[WhiteElo "1641"]
[BlackElo "2260"]
[PlyCount "102"]
[EventDate "1995.08.20"]
[EventType "swiss"]
[EventRounds "9"]
[EventCountry "ENG"]
[SourceTitle "BritBase"]
[Source "John Saunders"]
[SourceDate "2023.06.01"]
[SourceVersion "1"]
[SourceVersionDate "2023.06.01"]
[SourceQuality "1"]

1. e4 Nf6 2. e5 Nd5 3. d4 d6 4. c4 Nb6 5. exd6 exd6 6. h3 Bf5 7. Nc3 Be7 8. Nf3
N8d7 9. Be2 O-O 10. O-O Nf6 11. Be3 Ne4 12. Nxe4 Bxe4 13. Rc1 Bf6 14. Qd2 Re8
15. a3 c6 16. b4 a5 17. b5 cxb5 18. cxb5 d5 19. Bf4 Nc4 20. Bxc4 dxc4 21. Rxc4
Bxf3 22. gxf3 Qd5 23. Rc5 Qxf3 24. Kh2 Re2 25. Qc1 Rxf2+ 26. Rxf2 Qxf2+ 27. Kh1
Qf3+ 28. Kh2 Qe2+ 29. Kh1 Qe6 30. Qc3 Qe4+ 31. Kh2 Qxf4+ 32. Kh1 Qe4+ 33. Kh2
h6 34. Rc8+ Rxc8 35. Qxc8+ Kh7 36. Qd7 Bxd4 37. Qxf7 Qe2+ 38. Kh1 Qe1+ 39. Kg2
Qg1+ 40. Kf3 Qf2+ 41. Ke4 Qxf7 42. Kxd4 b6 43. Ke5 Qc4 44. Kd6 Kg6 45. Ke5 Kf7
46. Kd6 Qxb5 47. Kc7 Ke7 48. a4 Qc5+ 49. Kb7 Kd7 50. h4 Qc7+ 51. Ka6 Kc6 0-1

[Event "Hastings Centenary Masters"]
[Site "Hastings"]
[Date "1995.08.25"]
[Round "7"]
[White "Arkell, Keith C"]
[Black "Malaniuk, Vladimir P"]
[Result "1/2-1/2"]
[WhiteElo "2505"]
[BlackElo "2580"]
[PlyCount "102"]
[EventDate "1995.08.20"]
[EventType "swiss"]
[EventRounds "9"]
[EventCountry "ENG"]
[SourceTitle "BritBase"]
[Source "John Saunders"]
[SourceDate "2023.06.01"]
[SourceVersion "1"]
[SourceVersionDate "2023.06.01"]
[SourceQuality "1"]

1. d4 f5 2. g3 Nf6 3. Bg2 d6 4. b3 g6 5. Bb2 Bg7 6. Nf3 O-O 7. O-O Qe8 8. c4
Na6 9. Nbd2 e5 10. dxe5 Nd7 11. Qc2 dxe5 12. Rfd1 Nb4 13. Qc3 Qe7 14. a3 Nc6
15. b4 e4 16. Qxg7+ Qxg7 17. Bxg7 Kxg7 18. Ne1 Nde5 19. f4 exf3 20. Nexf3 Ng4
21. Nf1 Re8 22. h3 Nf6 23. e3 Nd8 24. Nd4 Nf7 25. Nb5 Re7 26. Rd4 c6 27. Nd6
Nxd6 28. Rxd6 Be6 29. Nd2 Bf7 30. Re1 Rae8 31. Kf2 Rd7 32. Rxd7 Nxd7 33. Rc1
Ne5 34. Rc3 Rd8 35. Ke1 g5 36. Bf1 Kf6 37. Be2 b6 38. c5 Bd5 39. a4 Rb8 40. b5
bxc5 41. Rxc5 Ke6 42. bxc6 Kd6 43. Rb5 Nxc6 44. Rxb8 Nxb8 45. Bd3 Ke5 46. g4
fxg4 47. hxg4 h6 48. Nc4+ Bxc4 49. Bxc4 Nd7 50. a5 Kd6 51. Kd2 Ne5 1/2-1/2

[Event "Hastings Centenary Masters"]
[Site "Hastings"]
[Date "1995.08.25"]
[Round "7"]
[White "Bates, Richard A"]
[Black "McKenna, Jason P"]
[Result "1-0"]
[WhiteElo "2345"]
[BlackElo "2150"]
[PlyCount "73"]
[EventDate "1995.08.20"]
[EventType "swiss"]
[EventRounds "9"]
[EventCountry "ENG"]
[SourceTitle "BritBase"]
[Source "John Saunders"]
[SourceDate "2023.06.01"]
[SourceVersion "1"]
[SourceVersionDate "2023.06.01"]
[SourceQuality "1"]

1. d4 g6 2. c4 Nf6 3. Nf3 Bg7 4. g3 O-O 5. Bg2 d6 6. O-O Nc6 7. Nc3 a6 8. d5
Na5 9. Nd2 c5 10. Qc2 Rb8 11. b3 b5 12. Bb2 Nd7 13. Rab1 Ne5 14. Nd1 e6 15. f4
Ng4 16. Bxg7 Kxg7 17. Qc3+ Kg8 18. h3 Nf6 19. e4 bxc4 20. bxc4 Rxb1 21. Nxb1
exd5 22. cxd5 Re8 23. Nd2 Nd7 24. Ne3 Qb6 25. Rb1 Qc7 26. g4 f6 27. h4 Kf7 28.
g5 Nb7 29. Ndc4 Rf8 30. Ng4 Qd8 31. Rxb7 Bxb7 32. Nxd6+ Kg7 33. e5 fxe5 34.
fxe5 h5 35. Nxb7 Qb6 36. e6+ Kh7 37. exd7 1-0

[Event "Hastings Centenary Masters"]
[Site "Hastings"]
[Date "1995.08.25"]
[Round "7"]
[White "Bouchaud, Vincent"]
[Black "Williams, Simon Kim"]
[Result "0-1"]
[WhiteElo "2180"]
[BlackElo "2250"]
[PlyCount "59"]
[EventDate "1995.08.20"]
[EventType "swiss"]
[EventRounds "9"]
[EventCountry "ENG"]
[SourceTitle "BritBase"]
[Source "John Saunders"]
[SourceDate "2023.06.01"]
[SourceVersion "1"]
[SourceVersionDate "2023.06.01"]
[SourceQuality "1"]

1. b3 e5 2. Bb2 d6 3. e3 f5 4. f4 e4 5. Be2 Nf6 6. Nh3 c5 7. Nf2 Nc6 8. d3 d5
9. dxe4 dxe4 10. Qxd8+ Nxd8 11. Bxf6 gxf6 12. Nc3 Be6 13. g4 fxg4 14. Nfxe4 f5
15. Nf6+ Kf7 16. Nfd5 Bg7 17. O-O-O Nc6 18. Na4 Nd4 19. exd4 Bxd5 20. Nxc5 Bxh1
21. Rxh1 Bxd4 22. Nxb7 Kf6 23. Bd3 Be3+ 24. Kd1 Bxf4 25. Rf1 Kg5 26. c4 Rhf8
27. Rf2 Rae8 28. c5 Re3 29. Bf1 Rc3 30. b4 0-1

[Event "Hastings Centenary Masters"]
[Site "Hastings"]
[Date "1995.08.25"]
[Round "7"]
[White "Chakraborty, Kumardip"]
[Black "Minet, Steve"]
[Result "0-1"]
[WhiteElo "1641"]
[BlackElo "2170"]
[PlyCount "92"]
[EventDate "1995.08.20"]
[EventType "swiss"]
[EventRounds "9"]
[EventCountry "ENG"]
[SourceTitle "BritBase"]
[Source "John Saunders"]
[SourceDate "2023.06.01"]
[SourceVersion "1"]
[SourceVersionDate "2023.06.01"]
[SourceQuality "1"]

1. e4 e6 2. d3 c5 3. Nd2 Nc6 4. g3 g6 5. Bg2 Bg7 6. Ngf3 Nge7 7. O-O O-O 8. Re1
d5 9. c3 b5 10. exd5 exd5 11. Nb3 c4 12. dxc4 dxc4 13. Nbd4 b4 14. Be3 Bb7 15.
Qc2 Nxd4 16. Nxd4 Bxg2 17. Kxg2 bxc3 18. bxc3 Nd5 19. Rad1 Re8 20. Nc6 Nxe3+
21. Rxe3 Qc7 22. Rxe8+ Rxe8 23. Nd4 Qb7+ 24. Kg1 Rb8 25. Rd2 h5 26. h4 Re8 27.
Re2 Rd8 28. Rd2 Qe7 29. Kf1 Qc5 30. Qd1 Qa5 31. Qc2 Re8 32. Re2 Rc8 33. Rd2 Rd8
34. Ne2 Rb8 35. Nd4 Qd5 36. Kg1 Qb7 37. Kh2 Re8 38. Re2 Rd8 39. Rd2 Bh6 40. Re2
Kg7 41. Rd2 Rd6 42. Kg1 Rb6 43. f4 Rb1+ 44. Kf2 Qh1 45. Nf3 Rf1+ 46. Ke3 Qxf3+
0-1

[Event "Hastings Centenary Masters"]
[Site "Hastings"]
[Date "1995.08.25"]
[Round "7"]
[White "Connell, Blair N"]
[Black "Saunders, John C"]
[Result "0-1"]
[WhiteElo "2270"]
[BlackElo "2240"]
[PlyCount "65"]
[EventDate "1995.08.20"]
[EventType "swiss"]
[EventRounds "9"]
[EventCountry "ENG"]
[SourceTitle "BritBase"]
[Source "John Saunders"]
[SourceDate "2023.06.01"]
[SourceVersion "1"]
[SourceVersionDate "2023.06.01"]
[SourceQuality "1"]

1. e4 c6 2. d4 d5 3. Nd2 dxe4 4. Nxe4 Nd7 5. Nf3 Ngf6 6. Ng3 e6 7. Bd3 Be7 8.
O-O c5 9. b3 O-O 10. c4 cxd4 11. Nxd4 Qb6 12. Bc2 Rd8 13. Nf3 Ne5 14. Qe2 Ng6
15. Ng5 Bd7 16. Kh1 Bc6 17. N5e4 Rd7 {(=)} 18. Be3 Qc7 19. f4 Nh4 20. Rae1 Nxe4
21. Bxe4 Bxe4 22. Nxe4 Nf5 23. Bc1 Rad8 24. Bb2 Bh4 25. g3 Be7 26. g4 ({Not} 
26. a4 {as given in many databases. JS}) 26... Nh4 27. Bc3 Qc6 28. f5 Rd3 29.
Qb2 Bf8 30. b4 b6 31. fxe6 fxe6 32. Qf2 Rf3 33. Qe2 0-1